| 000 | 00461nam a2200169Ia 4500 | ||
|---|---|---|---|
| 999 |
_c11416 _d11416 |
||
| 082 | _aTC.0035 | ||
| 100 | _aChandra, M. | ||
| 245 | 0 | _aChanges in status, attitude, choice and aspirations of Hindu urban women | |
| 260 |
_c1979 _bUniversity of Madras |
||
| 300 | _a240 | ||
| 650 |
_aUrban women _zIndia |
||
| 650 |
_aWomen _vSocio-economic status |
||
| 650 |
_aHindu women _vPsyhcology |
||
| 650 | _aHindu women | ||
| 710 | _aParumal, C.A. | ||
| 942 |
_cTH _2ddc |
||